| 000 | 00495cam a2200169 a 4500 | ||
|---|---|---|---|
| 020 | _a0070254478 (text) | ||
| 020 | _a0078442958 (text and IT tutor CDROM) | ||
| 040 | _cDLC | ||
| 082 | _a004 MCG 1996 A007 Or. | ||
| 100 | 1 | _aHaag, Stephen. | |
| 245 | 1 | 0 |
_aInformation technology : _btomorrow's advantage today / |
| 260 |
_aNew York : _bMcGraw-Hill, _cc1996. |
||
| 300 |
_axxi, 332 p. : _bcol. ill. ; _c26 cm. |
||
| 650 | 0 | _aInformation technology. | |
| 700 | 1 | _aKeen, Peter G. W. | |
| 942 | _cEK | ||
| 999 |
_c12531 _d12531 |
||